Capitali e Iniziali degli Stati - Quiz n°7 - Statistics

Statistiche generali
  • Questo quiz è stato fatto 8 volte
  • Il punteggio medio è 7 su 10
Statistiche sulle risposte
Hint Risposta % Corretto
Panama P
100%
Bratislava S
100%
Harare Z
100%
Asmara E
86%
Tripoli L
71%
Maputo M
57%
Mbabane E
43%
Port Louis M
43%
Palikir M
43%
Ramallah P
43%
Nessun quiz corrispondente trovato
Distribuzione punteggi
Percentuale di utenti per punteggio
Percentile per numero di risposta
I tuoi punteggi nel tempo
Non hai fatto questo quiz